Establishment techniques for forest plantations

Bibliographic Details
Main Author: CHAPMAN
Other Authors: Allan
Format: Book
Published: Rome : FAO , 1978
Series:FAO forestry paper; 8
Subjects:

MARC

LEADER 00000cam a2200000 7i4500
001 0000000177
005 20000717.0
020 0 0 |a 9251005354 
090 0 0 |a 634.956   |b CHA 1978 
100 1 0 |a CHAPMAN   |h G.W. 
245 1 0 |a Establishment techniques for forest plantations   |c G.W. Chapman and T.G. Allan 
260 0 0 |a Rome :   |b FAO ,   |c 1978 
300 |a vii, 183 p. :   |b ill. ;   |c 29 cm. 
440 0 0 |a FAO forestry paper; 8 
500 0 0 |a Bibliography: [p.173-175] and index 
650 0 0 |a Forests and forestry 
650 0 0 |a Tree planting 
700 0 1 |a Allan   |h T.G. 
999 |a 0000001332   |b Monograph   |c Open Shelf   |e Default branch